LEADER 04351nam 2200649 a 450 001 9910462211003321 005 20200520144314.0 010 $a1-280-68814-9 010 $a9786613665089 010 $a90-04-23010-6 024 7 $a10.1163/9789004230101 035 $a(CKB)2670000000212045 035 $a(EBL)934323 035 $a(OCoLC)795120514 035 $a(SSID)ssj0000742115 035 $a(PQKBManifestationID)11384372 035 $a(PQKBTitleCode)TC0000742115 035 $a(PQKBWorkID)10743198 035 $a(PQKB)11607369 035 $a(MiAaPQ)EBC934323 035 $a(nllekb)BRILL9789004230101 035 $a(PPN)170439798 035 $a(Au-PeEL)EBL934323 035 $a(CaPaEBR)ebr10569500 035 $a(CaONFJC)MIL366508 035 $a(EXLCZ)992670000000212045 100 $a20120227d2012 uy 0 101 0 $aeng 135 $aur|n|---||||| 181 $ctxt 182 $cc 183 $acr 200 10$aVision and violence$b[electronic resource] $eLama Zhang and the politics of charisma in twelfth-century Tibet /$fby Carl S. Yamamoto 210 $aLeiden $cBrill$d2012 215 $a1 online resource (406 p.) 225 1 $aBrill's Tibetan studies library,$x1568-6183 ;$vv. 29 300 $aAppendix Two Lama Zhang's Root Lamas and Their Principal Teachers. 311 $a90-04-21240-X 320 $aIncludes bibliographical references and index. 327 $tPreliminary Material /$rCarl S. Yamamoto -- $tIntroduction: Picking up the Pieces: Lama Zhang and The ?Tibetan Renaissance? /$rCarl S. Yamamoto -- $t1. Lama Zhang?s Life /$rCarl S. Yamamoto -- $t2. Lineage and Style: Placing Lama Zhang in the Tradition /$rCarl S. Yamamoto -- $t3. ?To Tell Your Own Story Yourself ?: Autobiography, Genre Families, and Textual Economies /$rCarl S. Yamamoto -- $t4. ?Lord of the Teachings? /$rCarl S. Yamamoto -- $t5. ?Great Meditator Who Tears down Forts? /$rCarl S. Yamamoto -- $tConclusion: Mastering Space, Time, Symbol: Lama Zhang and the Buddhist Hegemonization of Central Tibet /$rCarl S. Yamamoto -- $tAppendix 1: Contents and Back Matter/Colophons to Volumes 1?7 of the Shedup-namgyal 2004 Edition of Lama Zhang?s Collected Works /$rCarl S. Yamamoto -- $tAppendix 2: Lama Zhang?s Root Lamas and Their Principal Teachers /$rCarl S. Yamamoto -- $tAppendix 3: Listing of Lama Zhang?s 44 Teachers, Along with 141 Teachings Received, from Various Root Lamas (Rtsa ba?i bla ma sna tshogs kyis ?thob byang), Shedup I.307?16 /$rCarl S. Yamamoto -- $tAppendix 4: List of 15 Lineages of Teachings Received by Zhang, from Various Lineages (Brgyud pa sna tshogs), Shedup I.293?307 /$rCarl S. Yamamoto -- $tAppendix 5: Occurrences of the Term bka? brgyud in the Shedup-Namgyal 2004 Collected Works /$rCarl S. Yamamoto -- $tAppendix 6: Occurrences of the Term lha sa sde bzhi in Lama Zhang?s Writings /$rCarl S. Yamamoto -- $tBibliography /$rCarl S. Yamamoto -- $tIndex /$rCarl S. Yamamoto. 330 $aThis book offers the first in-depth examination of the life and writings of Lama Zhang (1122-1193), key figure in the \'Tibetan renaissance.\' Controversial, larger-than-life, already revered as a literary innovator and tantric meditation master, Zhang entered public life in mid-career and forged a new model of rulership and religious community that would set the standard for later religious rulers of Lhasa?most notably the Dalai Lamas. The focus of the model was the tantric hermit who comes down from the mountains and sustains a worldly community through his mastery of space, time, and symbol. The subject is approached through a complex of related issues: lineage and tradition-formation, charisma and hegemony, literary genre, textual economy, and the politics of tantra. 410 0$aBrill's Tibetan studies library ;$vv. 29. 606 $aBka?-rgyud-pa lamas$vBiography 606 $aBuddhism and politics$zChina$zTibet Autonomous Region$xHistory 608 $aElectronic books. 615 0$aBka?-rgyud-pa lamas 615 0$aBuddhism and politics$xHistory. 676 $a294.3/923092 676 $aB 700 $aYamamoto$b Carl S$0965644 801 0$bMiAaPQ 801 1$bMiAaPQ 801 2$bMiAaPQ 906 $aBOOK 912 $a9910462211003321 996 $aVision and violence$92190967 997 $aUNINA LEADER 02237oam 2200637M 450 001 9910715589503321 005 20191116081228.9 035 $a(CKB)5470000002512156 035 $a(OCoLC)1065886186 035 $a(OCoLC)995470000002512156 035 $a(EXLCZ)995470000002512156 100 $a20070221d1828 ua 0 101 0 $aeng 135 $aurcn||||||||| 181 $ctxt$2rdacontent 182 $cc$2rdamedia 183 $acr$2rdacarrier 200 10$aDelaware and Hudson Canal. Memorial of the Delaware and Hudson Canal Company. April 7, 1828. Referred to the Committee of Ways and Means. April 14, 1828. Bill reported, No. 268 210 1$a[Washington, D.C.] :$c[publisher not identified],$d1828. 215 $a1 online resource (20 pages) 225 1 $aHouse document / 20th Congress, 1st session. House ;$vno. 247 225 1 $a[United States congressional serial set] ;$v[serial no. 174] 300 $aBatch processed record: Metadata reviewed, not verified. Some fields updated by batch processes. 300 $aFDLP item number not assigned. 606 $aCanals 606 $aCoal mines and mining 606 $aCoal 606 $aDuty-free importation 606 $aFederal aid to transportation 606 $aIron 606 $aRailroad construction workers 606 $aRailroads$xDesign and construction 606 $aRailroads 606 $aTariff 606 $aCost 608 $aLegislative materials.$2lcgft 615 0$aCanals. 615 0$aCoal mines and mining. 615 0$aCoal. 615 0$aDuty-free importation. 615 0$aFederal aid to transportation. 615 0$aIron. 615 0$aRailroad construction workers. 615 0$aRailroads$xDesign and construction. 615 0$aRailroads. 615 0$aTariff. 615 0$aCost. 712 02$aDelaware and Hudson Canal Company. 801 0$bWYU 801 1$bWYU 801 2$bOCLCO 801 2$bOCLCQ 906 $aBOOK 912 $a9910715589503321 996 $aDelaware and Hudson Canal. Memorial of the Delaware and Hudson Canal Company. April 7, 1828. Referred to the Committee of Ways and Means. April 14, 1828. Bill reported, No. 268$93285599 997 $aUNINA LEADER 01806oas 2200745 a 450 001 9910333129003321 005 20251114213013.0 011 $a1873-1945 035 $a(DE-599)ZDB1483529-0 035 $a(DE-599)1483529-0 035 $a(OCoLC)38945712 035 $a(CONSER) 2004233124 035 $a(CKB)954925398490 035 $a(EXLCZ)99954925398490 100 $a19980414a19659999 sy a 101 0 $aeng 135 $aurmnu|||||||| 181 $ctxt$2rdacontent 182 $cc$2rdamedia 183 $acr$2rdacarrier 200 10$aEuropean polymer journal 210 $aOxford ;$aNew York $cElsevier Science 300 $aRefereed/Peer-reviewed 311 08$a0014-3057 517 1 $aEPJ 517 1 $aEur. polym. j. 606 $aPolymers$vPeriodicals 606 $aPolymerization$vPeriodicals 606 $aPolyme?res$vPe?riodiques 606 $aPolyme?risation$vPe?riodiques 606 $aPolymerization$2fast$3(OCoLC)fst01070576 606 $aPolymers$2fast$3(OCoLC)fst01070588 608 $aPeriodicals.$2fast 615 0$aPolymers 615 0$aPolymerization 615 6$aPolyme?res 615 6$aPolyme?risation 615 7$aPolymerization. 615 7$aPolymers. 801 0$bOH1 801 1$bOH1 801 2$bOCL 801 2$bOCLCQ 801 2$bGUA 801 2$bOCLCQ 801 2$bU9S 801 2$bGUA 801 2$bOCLCQ 801 2$bOCLCO 801 2$bOCLCQ 801 2$bOCLCF 801 2$bOCLCO 801 2$bVT2 801 2$bOCLCQ 801 2$bNLE 801 2$bUKMGB 801 2$bCGU 801 2$bOCLCO 801 2$bOCLCQ 801 2$bUAB 801 2$bOCLCQ 906 $aJOURNAL 912 $a9910333129003321 996 $aEuropean polymer journal$9795179 997 $aUNINA